00796nam a2200217 a 4500001001000000005001700010008004100027020001500068040001300083050002400096100003500120245011900155260005300274300003100327500004700358650003100405902000800436942001100444999001500455952010800470BRCA_194220190320203617.0931118s1993 nyua---##d---#000-0#eng-d a0872901327 aDLCcDLC 4aNK5100.6b.W48 19931 aWhitehouse, Davidd1941-9597010aGlassbA Pocket Dictionary of Terms Commonly Used to Describe Glass and Glassmakingccompiled by David Whitehouse. aCorning, New YorkbCorning Museum of Glassc1993 a88 p.bil. a colorc19 cm. aIncluye descripción de las ilustraciones14aVidriovDiccionarios95971 aREF 2lcccB c1712d1712 00104070aBRCAbBRCAd2008-07-30l0oNK5100.6 .W48 1993pREF00070r2019-03-22 00:00:00w2019-03-22yB